Jesús, el Cristo
Պահպանված է:
| Հիմնական հեղինակ: | |
|---|---|
| Ձևաչափ: | Գիրք |
| Լեզու: | իսպաներեն |
| Հրապարակվել է: |
Salamanca
Sígueme
2006
|
| Հրատարակություն: | 12a. ed |
| Շարք: | Verdad e Imagen, 45
|
| Խորագրեր: | |
| Ցուցիչներ: |
Ավելացրեք ցուցիչ
Չկան պիտակներ, Եղեք առաջինը, ով նշում է այս գրառումը!
|
MARC
| LEADER | 00000cam a2200000 a 4500 | ||
|---|---|---|---|
| 001 | UCC1846 | ||
| 003 | CL-VaPUC | ||
| 008 | 171201e20060000sp |||||||||||||||||spa|d | ||
| 020 | |a 8430104348 | ||
| 082 | 0 | 4 | |a 232 |b KAS |2 21 |
| 100 | |a Kasper, Walter |e autor |9 597382 | ||
| 245 | 1 | 0 | |a Jesús, el Cristo |
| 250 | |a 12a. ed | ||
| 300 | |a 446 p | ||
| 942 | |c BK | ||
| 945 | |d 20171201 13:56:00 |a dcastane | ||
| 260 | |a Salamanca |b Sígueme |c 2006 | ||
| 600 | 0 | |a Jesús |9 313614 | |
| 650 | 0 | |a Cristología |9 315091 | |
| 650 | 0 | |a Vida de Jesús |9 478097 | |
| 583 | |a last modification |c 20171201 13:56:00 |k Rodrigo Vera | ||
| 490 | 0 | |a Verdad e Imagen, 45 | |
| 999 | |c 370195 |d 370193 | ||
| 952 | |0 0 |1 0 |3 erd |4 0 |6 232_000000000000000_KAS_2006 |7 0 |8 A |9 486525 |a BIBTEO |b BIBTEO |i 5440149 |l 1 |o 232 KAS 2006 |p 5440149 |r 2025-01-17 |s 2023-10-26 |w 2019-11-24 |y BK |z Catalogado en:20171201 |k ICR | ||